| 000 | 01878nas a2200421 i 4500 | ||
|---|---|---|---|
| 001 | 2589 | ||
| 003 | ES-MaACL | ||
| 005 | 20250822095712.0 | ||
| 007 | t| | ||
| 008 | 950801d18601905fr a| | 1 ||re d | ||
| 040 | _cES-MaACL | ||
| 080 | _a821.134.2-7 | ||
| 080 | _a(059)(44) | ||
| 245 | 0 | 0 |
_aAlmanach du Charivari / _cdessins par Cham, Grévin et Randon ; texte par les rédacteurs du Charivari. |
| 260 |
_aParis : _bPagnerre, _c1860-1905 _f(Imp. Simon Rançon) |
||
| 300 |
_avolúmenes : _bilustraciones ; _c18, 22 cm. |
||
| 310 | _aAnual | ||
| 362 | 0 | _a1re année (1860)-46e année (1905) | |
| 530 | _aDisponible en formato digital | ||
| 596 | _aEl vol. correspondiente a 1876 fue editado por Dépôt Central des Almanachs (Paris), e impreso por Librairie de E. Plon et Cie. | ||
| 597 | _aVariaciones en el formato | ||
| 599 | _aLas ilustraciones de 1876 fueron realizadas por Cham, Draner y Morland | ||
| 650 | 7 |
_aHumorismo francés _2 _9148466 |
|
| 655 | 0 |
_aAlmanaques _9241262 |
|
| 700 | 0 |
_aCham, _d1819-1879 _eill _9126439 |
|
| 700 | 1 |
_aGrévin, Alfred, _d1827-1892 _eill _9159846 |
|
| 700 | 1 |
_aRandon, Gilbert, _d1811-1884 _eill _9194509 |
|
| 700 | 0 |
_aDraner, _d1833-1926 _eill _9194510 |
|
| 787 | 0 |
_tLe Charivari (Paris. 1832) _x1140-5740 |
|
| 852 |
_aES-MaACL _cDEPOF _hLegado M. de Lafuente _jFol-Laf-433-35 _p(Años 1867-1868, 1876) |
||
| 852 |
_aES-MaACL _cDEPOF _hDonativo Haes _jT-216-F-1-4 _p(Años 1863, 1866-1867, 1870) _xEn lomo: Haes |
||
| 856 | 4 |
_uhttp://primo.getty.edu/GRI:GETTY_ALMA21138419780001551 _yVersión en línea: 1860-1905 _z(Getty Library) |
|
| 856 | 4 |
_uhttps://archive.org/details/texts?tab=collection&query=Almanach+du+Charivari _yVersión en línea: 1860-1905 _z(Internet Archive) |
|
| 866 | 0 | _o1863,1866-68,1870,1876. | |
| 942 |
_2udc _cPERIODICA _n0 |
||
| 955 | _bPilar Fernández Vera | ||
| 999 |
_c2589 _d2589 |
||